Conferència donada a la Casa de la Vila de Cardona el 21 de septembre[sic] de 1919 per l'enginyer E. Terradas
Descripción Física:
15 p. ; 22 cm
MARC
| LEADER | 00000nam a2200000Ia 4500 | ||
|---|---|---|---|
| 001 | 23410 | ||
| 008 | 160829s1919 xx 000 0 cat d | ||
| 080 | |a RF-16-62 | ||
| 100 | |a Terradas, E. |9 48804 | ||
| 245 | |a Conferència donada a la Casa de la Vila de Cardona el 21 de septembre[sic] de 1919 per l'enginyer E. Terradas | ||
| 260 | |a Manresa : |b Imp. Alcaraz de Bausili, |c 1919 | ||
| 300 | |a 15 p. ; |c 22 cm | ||
| 590 | |a Hi ha un duplicat a: DUP-73-42, DUP-73-43, DUP-73-44 (cobertes de diferents colors). | ||
| 590 | |a Prové de 3202, exp. 11 | ||
| 856 | 4 | |u https://media.diba.cat/diba/fitxers/arxiu/fulletons/bib_23410_1919_baixa.pdf |y Accés lliure | |
| 856 | 4 | |u https://media.diba.cat/diba/fitxers/arxiu/fulletons/bib_23410_1919_baixa.pdf |y Accés lliure | |
| 901 | |a Arxiu | ||
| 942 | |n 1 |2 udc | ||
| 952 | |0 0 |1 0 |4 0 |6 RF1662 |7 1 |9 54866 |a Arxiu |b Arxiu |d 2012-03-08 |l 0 |o RF-16-62 |p 23410 |r 2016-12-01 00:00:00 |w 2016-12-01 |y ARXIU | ||
| 999 | |c 58736 |d 58736 | ||
| 900 | |a bib_23410_1919_baixa.pdf | ||